Çağdaş işletme teknikleri (Record no. 631)

MARC details
000 -BAŞLIK
Sabit Uzunlukta Kontrol Alanı 00776na a2200277 4500
001 - KONTROL NUMARASI
Denetim Alanı 19514
003 - KONTROL NUMARASI IDENTIFIER
Denetim Alanı MIRAKIL
005 - SON İŞLEM TARİHİ VE ZAMANI
Denetim Alanı 20181213154756.0
008 - SABİT-BOY VERİ ELEMANLARI - GENEL BİLGİLER
Sabit Uzunlukta Kontrol Alanı 170112b tu 000 0
020 ## - ULUSLARARASI STANDART KİTAP NUMARASI
Uluslararası Standart Kitap Numarası 9758640836
040 ## - KATALOGLAMA KAYNAK
Orijinal Kataloglama Ajansı Milas
Kataloglama Dili tur
Metne Dönüştürmek Ajansı TR-AnCHP
041 ## - DİL KODU
Metin / Ses Parça Veya Ayrı Başlığın Dil Kodu tur
082 ## - DEWEY ONLU SINIFLANDIRMA NUMARASI
Sınıflandırma Numarası 658.3
Ürün Numarası Ç23 2003
090 ## - SINIFLAMA NUMARASI
Sınıflama Numarası 658.3 Ç23 2003
245 ## - BAŞLIK TABLOSU
Başlık Çağdaş işletme teknikleri
Sorumluluk Tablosu, Vb Aykut Göksel, ...[ve öte.]; editör Birol Bumin
260 ## - YAYIN, DAĞITIM, VB
Yayın, Dağıtım, Vb Yeri Ankara
Yayıncı, Dağıtıcı, Vs Adı Gazi Kitabevi
Yayın, Dağıtım, Vb Tarihi 2003
300 ## - FİZİKSEL TANIM
Kapsam 103 s.
Boyutlar 20 sm.
500 ## - GENEL NOT
Genel Not Yapıt yazarından imzalı
500 ## - GENEL NOT
Genel Not Dizin var.
500 ## - GENEL NOT
Genel Not Kaynakça var.
650 ## - KONU KATMA GİRİŞ - TOPİKAL DÖNEM
Topikal Süreli Veya Coğrafi Ad Giriş Elemanı İşletmeler
Genel Alt Bölümü Takım çalışması
Coğrafi Alt Bölümü Türkiye
650 ## - KONU KATMA GİRİŞ - TOPİKAL DÖNEM
Topikal Süreli Veya Coğrafi Ad Giriş Elemanı İşletme
Coğrafi Alt Bölümü Türkiye
700 ## - KATMA GİRİŞ - KİŞİSEL İSİM
Kişisel Ad Göksel, Aykut
700 ## - KATMA GİRİŞ - KİŞİSEL İSİM
Kişisel Ad Bumin, Birol
942 ## - EKLENDİ GİRİŞ ELEMANLARI (KOHA)
Sınıflandırma Veya Raf Düzeni Kaynak Dewey Decimal Classification
Koha Öğesi Türü Books
999 ## - SİSTEM KONTROL NUMARALARI (KOHA)
Koha Biblionumber 631
Koha Biblioitemnumber 631
Holdings
Kalıcı Konum Mevcut Konum Edinme Tarihi Edinim Kaynak Toplam Check-Out'Lar Tam Çağrı Numarası Barkod Tarih Son Görülme İtibaren Geçerli Fiyatlar Koha Öğesi Türü
CHP Kütüphanesi CHP Kütüphanesi 12/16/2016 Bağış   658.3 Ç23 2003 010725 12/16/2016 12/16/2016 Books